000 00301nam a22001337a 4500
008 170613b xxu||||| |||| 00| 0 eng d
020 _a9780333712566
041 _aeng
080 _a32
100 _a19
101 _aSHP
245 _aTHE GERMAN REVOLUTION OF 1848-49
_cSIEMANN, W
942 _2udc
_cBK
999 _c17102
_d17102